000 00988nas a2200277 4500
001 BR9211805
003 BR-BrBNA
005 20231205093528.0
007 ta
008 230509b bl.|||p| |||| 00| 00por d
040 _aBR-BrBNA
_bpor
_cBiblioteca Nacional de Agricultura
041 _a(Pt)
072 _aH10
100 1 _aBarbosa, L.J.
100 1 _aBenatti Junior, A.M.
100 1 _aSalvo, S. de
245 1 _aEstudo da eficiencia de nematicida para o controle de Radopholus similis (Cobb, 1893)na cultura de maranta, Calathea zebrina (Maranta zebrina)
246 1 _aEfficiency study of nematicide on the control of Radopholus similis (Cobb, 1893)in "maranta", Calathea zebrina (Maranta zebrina)culture
650 _aMARANTA
650 _aNEMATOIDE
650 _aNEMATICIDA
650 _aCONTROLE QUIMICO
773 0 _tEcossistema (Brazil)
_xISSN 0100-4107
_g(Oct 1990), v. 15 p. 160-166
_wBR9211805
909 _a202311
_bLúcia
_c55
_dLúcia Elande
942 _2AGRIS
_n0
_cANA
999 _c139002
_d139002